000 00763nam a22003130a 4500
001 PT60813
003 AR-LpoUNG
005 20210201010519.0
008 201001s2015||||ag |||||||||||||||||spa d
020 _a9789877280760
_c$2
040 _aAR-LpoUNG
_bspa
_eaacr
041 _aspa
044 _aag
082 0 _aA861 77obr
100 1 _aOrtiz, Carlos
245 1 0 _aObra y muerte
250 _a1ra. ed.
260 _aBuenos Aires :
_bBiblioteca Nacional,
_c2015.
300 _a573 p. :
_bfot.
_3Impreso
490 0 _aLos raros ;
_vno.52
650 4 _aARGENTINA
650 4 _aBIOGRAFIAS
650 4 _aLITERATURA
650 4 _aPOESIA
653 _aLITERATURA ARGENTINA
700 1 _aRonsino, HernĂ¡n
_eprelim.
905 _a60813
942 _cLIB
999 _c51621
_d51621